Football: Pays n'ayant jamais passé le premier tour en Coupe du Monde - Statistiques

Statistiques générales
  • Ce quiz a été pris 680 fois
    337 depuis la dernière actualisation
  • Le résultat moyen est 15 sur 30
Statistiques - réponses
Réponse % Correct
Qatar
72%
Tunisie
68%
Canada
67%
Afrique du sud
65%
Iran
65%
Chine
64%
Panama
62%
Egypte
59%
Islande
59%
Nouvelle-Zélande
57%
Honduras
56%
Irak
52%
Serbie
51%
Zaïre
51%
Jamaïque
50%
Ecosse
48%
Bolivie
47%
Slovénie
47%
Togo
46%
Côte d'Ivoire
43%
Koweït
43%
Bosnie-Herzégovine
42%
Angola
41%
Trinité-et-Tobago
38%
Israël
33%
Salvador
32%
Haïti
31%
Indes Orientales Néerlandaises
30%
Emirats Arabes Unis
20%
République Tchèque
18%
Aucun quiz correspondant
Distribution des résultats
% des personnes avec chaque résultat
Percentile par nombre de réponses
Votre historique - résultats
Vous n’avez pas pris ce quiz depuis la dernière actualisation